00362nam a2200097Ia 4500001000400000008004100004082002200045100006300067245011700130260001700247255241024s9999 xx 000 0 und d aRD/577.7/R426g/v1 aRepública Dominicana.Secretaria de Estado de Educación 0aGuía Didáctica I. Educación Ambiental, Residuos solidos su impacto ambiental, nivel básico, primer ciclo bTallerc2004